The library, a poem /
Guardado en:
| Autor Principal: | |
|---|---|
| Formato: | Libro |
| Materias: | |
| Etiquetas: |
Agregar Etiqueta
Sin Etiquetas, Sea el primero en etiquetar este registro!
|
| LEADER | 00403nam a22001455a 4500 | ||
|---|---|---|---|
| 001 | EHU.bham008421 | ||
| 003 | AR-BHAM | ||
| 005 | 20100107105230.0 | ||
| 008 | 130507b######################000#0#####d | ||
| 082 | 8 | 2 | |a 821.6 |
| 100 | 1 | |a Crabbe, George | |
| 245 | 1 | 0 | |a The library, a poem / |c George Crabbe. |
| 300 | |a 34 p. | ||
| 653 | |a Poesia inglesa-1746-1800 | ||
| 859 | |a AR-BHAM |b BIB. HUMANIDADES - General |h 821.6 |i C84 |p 123.67 |t Ej.1 | ||
